| 000 | 01445nam a22003857a 4500 | ||
|---|---|---|---|
| 001 | 18362755 | ||
| 005 | 20230823081303.0 | ||
| 008 | 230823b |||||||| |||| 00| 0 eng d | ||
| 010 | _a 2014954398 | ||
| 020 | _a9781133629788 | ||
| 020 | _a1133629784 | ||
| 035 | _a(OCoLC)ocn946098643 | ||
| 040 |
_aCVU _beng _cKMU _erda _dKMU |
||
| 042 | _alccopycat | ||
| 050 | 0 | 0 |
_aTA170 _b.Str 2016b |
| 100 | 1 |
_aStriebig, Bradley A., _eauthor. |
|
| 245 | 1 | 0 |
_aEngineering applications in sustainable design and development / _cBradley A. Striebig, Adebayo A. Ogundipe, Maria Papadakis. |
| 250 | _aSI Edition. | ||
| 264 | 1 |
_aBoston, MA : _bCengage Learning _c[2016] |
|
| 300 |
_axvi, 762 pages : _billustrations (chiefly color), maps (chiefly color) ; _c26 cm |
||
| 336 |
_atext _2rdacontent |
||
| 337 |
_aunmediated _2rdamedia |
||
| 338 |
_avolume _2rdacarrier |
||
| 504 | _aIncludes bibliographical references and index. | ||
| 650 | 0 |
_aSustainable engineering _vTextbooks. |
|
| 650 | 0 |
_aSustainable development _vTextbooks. |
|
| 650 | 7 |
_aSustainable development. _2fast _0(OCoLC)fst01139731 |
|
| 650 | 7 |
_aSustainable engineering. _2fast _0(OCoLC)fst01739808 |
|
| 655 | 7 |
_aTextbooks. _2fast _0(OCoLC)fst01423863 |
|
| 700 | 1 |
_aOgundipe, Adebayo A., _eauthor. |
|
| 700 | 1 |
_aPapadakis, Maria, _eauthor. |
|
| 906 |
_a7 _bcbc _ccopycat _d2 _encip _f20 _gy-gencatlg |
||
| 942 |
_2lcc _cBK _n0 |
||
| 999 |
_c569 _d569 |
||